| 000 | 00493nam a2200157Ia 4500 | ||
|---|---|---|---|
| 008 | 210716s1988 xx 000 0 und d | ||
| 020 | _a70991197 | ||
| 041 | _aeng | ||
| 082 | _a005.2 GOLD | ||
| 100 | _aGoldberg, David E; Jones, Jacqueline A; Sterbenz, Pat H. | ||
| 245 | _aSchaums outline of theory and problems of programming with assembly language. | ||
| 250 | _a1 | ||
| 260 |
_aNew Delhi _bMc Graw Hill Book Company _c1988 |
||
| 300 | _a405 | ||
| 650 | _aProgramming Languages(005.13) | ||
| 999 |
_c181352 _d181352 |
||